| 000 | 00990nam a22003137a 4500 | ||
|---|---|---|---|
| 003 | CHAP | ||
| 005 | 20220329134105.0 | ||
| 008 | 971013s1961 r 00010 d | ||
| 010 | _a15238 | ||
| 011 | _a16210 | ||
| 035 | _a20289 | ||
| 040 | _cCHAP | ||
| 082 |
_a574.13 _bG76 |
||
| 100 | 0 | 0 |
_aGreenberg, David M. _950567 |
| 245 | _aMetabolic pathways | ||
| 250 | _a(2 ed. of Chemical Pathways of Metabolism) | ||
| 260 |
_aNew York : _bAcademic Press, _c1961 |
||
| 300 | _av | ||
| 590 |
_aBATCH-UPD _b10 _c20130110 _lUCH01 _h1019 |
||
| 590 |
_aBATCH-UPD _b10 _c20130410 _lUCH01 _h0625 |
||
| 590 |
_aBATCH-UPD _b10 _c20130914 _lUCH01 _h1814 |
||
| 590 |
_aCONVERSION _b10 _c20130109 _lUCH01 _h1310 |
||
| 650 | 1 | 4 |
_aMetabolismo. _975149 |
| 650 | 1 | 4 |
_aQuímica fisiológica. _993592 |
| 901 | _aBK | ||
| 942 | _cLIBRO | ||
| 949 |
_a574.13 G76 _bBC _cLIBRO _d33724000459806 _eLIBRO _fv.1 _h8092 _i20289 _si _t227.50 |
||
| 949 |
_a574.13 G76 _bBC _cLIBRO _d33724000459814 _eLIBRO _fv.2 _h8093 _i20289 _si _t312.50 |
||
| 999 |
_c15238 _d15238 |
||